000 00408nam a2200169Ia 4500
008 221030s9999 xx 000 0 und d
020 _a0070588708
041 _aEnglish
082 _a105.23
_bMon
100 _aJ. G. Monks
245 0 _aSchaum`s Outlines Operations Management
_cby J. G. Monks
250 _a2nd
260 _bTMH
_aNew Delhi
_c2004
300 _a429
650 _aManagement
942 _cBK
999 _c2429
_d2429